00618nam a22001817a 450000500170000001000130001702000180003003500130004803700090006108200100007010000210008024501350010126000390023627000420027530000250031749000440034250000500038620210524162911.0 aB-739935 a9788125053453 aB-739935 bGift a954.8 aJorgensen, Helle00aTranquebar-whose history?:btransnational cultural heritage in a former Danish trading colony in South India /cby Helle Jorgensen aNew DelhibOrient Blackswan c2014 a1/24 Asaf Ali RoadbNew Delhie110002 aviii,356p.c22cm(Hb) aNew perspectives in south asian history aIncludes bibliographical references and index